000
00300nam a22001337a 4500
008
170621b xxu||||| |||| 00| 0 eng d
020
_a
9780136032816
041
_a
eng
080
_2
5TH
_a
94(7/8)
100
_a
16
101
_a
SHH
245
_a
THE AMERICAN JOURNEY
_c
GOLDFIELD,D
942
_2
udc
_c
BK
999
_c
18371
_d
18371